00419pab a2200133 454500008004000000100002000040245010800060260000900168300001300177362001200190650002600202650001800228773003900246180718b2013 xxu||||| |||| 00| 0 eng d aRoy, Tirthankar aBringing economics back in labour history: A study of the historical patterns of labour supply in India c2013 ap.38-56. aJan-Mar aLabour supply - India aLabour supply aIndian Journal of Labour Economics